000 00311nam a22001337a 4500
008 170126b xxu||||| |||| 00| 0 eng d
020 _a9781579544911
041 _aeng
080 _a61
100 _a3
101 _aMED
245 _aULTIMATE GUIDE TO WOMEN'S HEALTH AND WELLNES
_cAGOSTINI, R
942 _2udc
_cBK
999 _c3799
_d3799